| 000 | 00506nam a22001697a 4500 | ||
|---|---|---|---|
| 003 | NUST - PNEC | ||
| 005 | 20170116180935.0 | ||
| 008 | 150905b xxu||||| |||| 00| 0 eng d | ||
| 020 | _a0077077083 | ||
| 040 | _cLIBRARY | ||
| 082 | _a621.31042 FIT | ||
| 100 |
_97532 _aFitzgerald, A. E. |
||
| 245 |
_aElectric machinery:the processes, devices, and systems of electromechanical energy conversion _cA. E. Fitzgerald |
||
| 250 | _a6th ed. | ||
| 650 |
_91582 _aElectric machinery _xME, IME |
||
| 942 |
_2ddc _cBK |
||
| 999 |
_c66029 _d66029 |
||